American Kennel gazette, pure-bred dogs (Record no. 6607)

MARC details
000 -CABECERA
campo de control de longitud fija 00747nam a2200241 a 4500
001 - NÚMERO DE CONTROL
campo de control BRCA_6925
005 - FECHA Y HORA DE LA ÚLTIMA TRANSACCIÓN
campo de control 20190320205637.0
008 - DATOS DE LONGITUD FIJA--INFORMACIÓN GENERAL
campo de control de longitud fija 161111s1948----u--a######---#000-0#eng-#
041 ## - CÓDIGO DE LENGUA
Código de lengua del texto/banda sonora o título independiente eng
044 ## - CÓDIGO DEL PAÍS DE LA ENTIDAD EDITORA/PRODUCTORA
Código MARC del país u
050 #4 - SIGNATURA TOPOGRÁFICA DE LA BIBLIOTECA DEL CONGRESO
Número de clasificación SF421
Número de documento/Ítem .A54
-- 1948
245 10 - MENCIÓN DE TÍTULO
Título American Kennel gazette, pure-bred dogs
260 ## - PUBLICACIÓN, DISTRIBUCIÓN, ETC.
Lugar de publicación, distribución, etc. New York
Nombre del editor, distribuidor, etc. American Kennel Club Inc.
Fecha de publicación, distribución, etc. 1948
300 ## - DESCRIPCIÓN FÍSICA
Extensión 356 p.
Otras características físicas il.
Dimensiones 24 cm.
500 ## - NOTA GENERAL
Nota general American Kennel Gazette, Vol. 65, No. 11, November 1948
500 ## - NOTA GENERAL
Nota general Revista inventariada por Banco de México como libro
500 ## - NOTA GENERAL
Nota general Estado físico: lomo y cubiertas deterioradas
500 ## - NOTA GENERAL
Nota general O144
650 14 - PUNTO DE ACCESO ADICIONAL DE MATERIA--TÉRMINO DE MATERIA
Término de materia o nombre geográfico como elemento de entrada Perros
Subdivisión general Publicaciones periódicas
9 (RLIN) 17259
700 1# - PUNTO DE ACCESO ADICIONAL--NOMBRE DE PERSONA
Nombre de persona American Kennel Club
9 (RLIN) 17260
902 ## - CATALOGADOR
Iniciales GFM
942 ## - ELEMENTOS DE PUNTO DE ACCESO ADICIONAL (KOHA)
Fuente del sistema de clasificación o colocación Library of Congress Classification
Tipo de ítem Koha Libros
Holdings
Estado de retiro Estado de pérdida Estado dañado No para préstamo Localización permanente Ubicación/localización actual Fecha de adquisición Número de inventario Total de préstamos Signatura topográfica completa Código de barras Fecha visto por última vez Precio válido a partir de Tipo de ítem Koha
El ejemplar forma parte de la colección y puede ser consultado según las políticas vigentes.       Biblioteca del Museo Franz Mayer (Rogerio Casas-Alatriste) Biblioteca del Museo Franz Mayer (Rogerio Casas-Alatriste) 16/11/2011 O144   SF421 .A54 1948 (O144) 7372 22/03/2019 22/03/2019 Libros